000 01095cam a22002411 4500
001 hew59000072
003 DLC
005 20260227111509.0
008 831229s1959 dcua s f000 0 eng c
010 _ahew59000072
035 _a(OCoLC)10255952
040 _aU.S. Dept. of Health, Education, and Welfare. Library
_cCNoS
_dISS
_dDLC
042 _apremarc
050 0 0 _aL111
_b.A72 no. 565
086 0 _aFS 5.4:565
100 1 _aHarvey, Mary Anne,
_d1932-
245 1 0 _aStatistics of rural schools :
_ba U.S. summary, 1955-56 /
_cby Mary Anne Harvey under the direction of Walter H. Gaumnitz.
260 _aWashington :
_bU.S. Dept. of Health, Education, and Welfare, Office of Education,
_c1959.
300 _aiii, 17 p. :
_btables ;
_c27 cm.
440 0 _aCircular (United States. Office of Education) ;
_vno. 565
501 _aWith: Guide to the National defense education act of 1958 / by Theodora E. Carlson ; assisted by Catherine P. Williams. Washington : Office of Education, 1959. Bound together subsequent to publication.
_5DLC
650 0 _aRural schools
_zUnited States
_vStatistics.
999 _c34209
_d34209